000 00738nam a22002057a 4500
003 JO-AjAnu
005 20251013112724.0
008 251012b jo ||||| |||| 00| 0 ara d
020 _a978-9957-69-722-8
022 _a776/2/2018
040 _aANU
_cJO-AjAnu
041 _hARA
100 _aالطراونة، احمد هاني
_eمؤلف
_966796
245 _aعلم النفس الرياضي /
_cاحمد هاني خلف الطراونة
260 _aعمان :
_bدار يافا للنشر والتوزيع،
_c 2020
300 _a196 صفحة
500 _aهذا الكتاب يحتوي على جداول وشبكات توضيحية
650 _vعلم النفس الرياضي-العاب رياضية
942 _2lcc
_cBK
_n0
999 _c34066
_d34066